LEADER 01303nam 2200373 450 001 000006734 005 20050718115200.0 010 $a0-87933-335-9 100 $a20001220d1978----km-y0itay0103----ba 101 0 $aeng 102 $aUS 200 1 $aStatistical analysis in geology$fEdited by John M. Cubitt, Stephen Henley 210 $aStroudsburg,Pennsylvania$cDowden, Hutchinson and Ross$dc1978 215 $aXV, 340 p.$cill.$d26 cm. 225 1 $aBenchmark Papers in Geology$v37 606 $aGeologia$xStatistica 676 $a550.0151$v(20. ed.)$9Scienze della terra. Tecniche matematiche 702 1$aCubitt,$bJohn M. 702 1$aHenley,$bStephen 801 0$aIT$bUniversità della Basilicata - B.I.A.$gRICA$2unimarc 912 $a000006734 996 $aStatistical analysis in geology$976016 997 $aUNIBAS BAS $aMONING BAS $aMONOGR BAS $aINGEGNERIA CAT $aVALVANO$b01$c20001220$lBAS01$h1355 CAT $c20050601$lBAS01$h1753 CAT $abatch$b01$c20050718$lBAS01$h1049 CAT $c20050718$lBAS01$h1108 CAT $c20050718$lBAS01$h1138 CAT $c20050718$lBAS01$h1152 FMT Z30 -1$lBAS01$LBAS01$mBOOK$1BASA2$APolo Tecnico-Scientifico$2DID$BDidattica$3PTS.s2.p54.6$635319$5I35319$820001220$f04$FPrestabile Didattica LEADER 01525nam 2200397 n 450 001 996384839703316 005 20200824120520.0 035 $a(CKB)4940000000068727 035 $a(EEBO)2248500420 035 $a(UnM)99831690e 035 $a(UnM)99831690 035 $a(EXLCZ)994940000000068727 100 $a19951023d1668 uy | 101 0 $aeng 135 $aurbn||||a|bb| 200 14$a[A] profitable and pleasant glass of extraordinary expen[ces] ... Whereunto is added, the true assize of bread, according to the statute$b[electronic resource] 210 $aLondon $cprinted for E. Brewster, formerly living at the sign of the Crane in St. Pauls Church-yard$d1668 215 $a1 sheet ([1] p.) $ctable 300 $aVerse - "HIS farthing a day in full expence,". 300 $aImperfect: L (Luttrell) copy cropped at head and sides with loss of text. 300 $aReproduction of the original in the British Library. 330 $aeebo-0018 606 $aMoney$zEngland$vPoetry$vEarly works to 1800 606 $aTaxation$zEngland$vPoetry$vEarly works to 1800 606 $aBread$zEngland$vPoetry$vEarly works to 1800 615 0$aMoney 615 0$aTaxation 615 0$aBread 801 0$bCu-RivES 801 1$bCu-RivES 801 2$bCStRLIN 801 2$bWaOLN 906 $aBOOK 912 $a996384839703316 996 $aProfitable and pleasant glass of extraordinary expences ... Whereunto is added, the true assize of bread, according to the statute$92342772 997 $aUNISA